000 00598nam a2200193 i 4500
001 181071
003 ES-MaACL
005 20250722063156.0
008 121016s2011 sp | |||||||| | spa d
020 _a978-84-204-0784-5
080 _a821.134.2-32"19"
100 1 _aMerino, José María,
_d1941-
_9149582
245 1 3 _aEl libro de las horas contadas /
_cJosé María Merino.
260 _a[Madrid] :
_bAlfaguara,
_c2011.
300 _a203 p. ;
_c24 cm.
852 _aES-MaACL
_9187954
_jA-12291
_bR.148342
_cDEPO1
_dOlim: N-5296
942 _2udc
_cMONOGRAFIA
999 _c181071
_d181071